Entry Nombre corporativo
001 - NÚMERO DE CONTROL
- campo de control: 85065
003 - IDENTIFICADOR DEL NÚMERO DE CONTROL
- campo de control: BNPHU
005 - FECHA Y HORA DE LA ÚLTIMA TRANSACCIÓN
- campo de control: 20240528184831.0
008 - DATOS DE LONGITUD FIJA
- campo de control de longitud fija: 240318|| aca||aabn | a|a d
040 ## - FUENTE DE LA CATALOGACIÓN
- Centro catalogador/agencia de origen: DO-SdBNP
- Lengua de catalogación: spa
- Centro/agencia transcriptor: BNPHU
- Normas de descripción: rda
110 2# - ENCABEZAMIENTO-NOMBRE DE ENTIDAD CORPORATIVA
- Nombre de entidad corporativa o nombre de jurisdicción como elemento de entrada: Fondo de Población de las Naciones Unidas
410 2# - TRAZADO DE VÉASE--NOMBRE DE ENTIDAD CORPORATIVA
- Nombre de entidad corporativa o nombre de jurisdicción como elemento de entrada: FNUAP |7 Fondo de Población de las Naciones Unidas
410 2# - TRAZADO DE VÉASE--NOMBRE DE ENTIDAD CORPORATIVA
- Nombre de entidad corporativa o nombre de jurisdicción como elemento de entrada: United Nations Population Fund
410 2# - TRAZADO DE VÉASE--NOMBRE DE ENTIDAD CORPORATIVA
- Nombre de entidad corporativa o nombre de jurisdicción como elemento de entrada: UNFPA |7 Fondo de Población de las Naciones Unidas
410 2# - TRAZADO DE VÉASE--NOMBRE DE ENTIDAD CORPORATIVA
- Nombre de entidad corporativa o nombre de jurisdicción como elemento de entrada: Fonds des Nations Unies pour la Population
510 1# - TRAZADO DE VÉASE ADEMÁS--NOMBRE DE ENTIDAD CORPORATIVA
- Nombre de entidad corporativa o nombre de jurisdicción como elemento de entrada: Fondo de Naciones Unidas para Actividades en Materia de Población
- Subcampo de control: a
670 ## - FUENTE DE DATOS ENCONTRADOS
- Cita de la fuente: Work cat.: (DO-SdBNP)56139: Lamarche, Diógenes 62270, Diálogo de tambores :
670 ## - FUENTE DE DATOS ENCONTRADOS
- Cita de la fuente: Sitio web oficial del Fondo de Población de las Naciones Unidas, 30 marzo 2009:
- Información encontrada: (United Nations Population Fund; UNFPA; Fonds des Nations Unies pour la Population; Fondo de Naciones Unidas para Actividades en Materia de Población)
- Identificador Uniforme del Recurso: http://unfpa.org/spanish/about/unsystem.htm
670 ## - FUENTE DE DATOS ENCONTRADOS
- Identificador Uniforme del Recurso: https://librunam.dgb.unam.mx:8443/F/JJFMXNXITDKPIGU4EXA6QDNRUG7Y55SQCEUI5DY98N79YV2VQM-17581?func=full-set-set&set_number=030353&set_entry=000001&format=001 Consultado en 24 de Mayo, 2024
